00375nam a22001097a 4500020001800000082001700018100001900035245011300054260004500167300002100212880003200233 a9787300113906 a155.232bBUR aBurka, Jane B. aDelay Psychology:bProcrastination why you do it what to do about it now ( Chinese Edition) /cJane B. Burka aChina :bRenmin University Press,c2008. a246 p. ;c25 cm. 6245-02\ra延迟心理学 /